KFZ Kennzeichen - Mecklenburg-Vorpommern - Statistiken

Allgemein
  • Dieses Quiz wurde 95 mal gespielt
    42 seit der letzten Aktualisierung
  • Das Durchschnittsergebnis liegt bei 24 aus 45
Antwortstatistiken
Abkürzung Stadt/Landkreis % Korrekt
HRO Hansestadt Rostock
92%
ANK Anklam
84%
DBR Bad Doberan
81%
MÜR Müritz
81%
HGW Hansestadt Greifswald
78%
HST Hansestadt Stralsund
78%
HWI Hansestadt Wismar
76%
NB Neubrandenburg
76%
RÜG Rügen
76%
WIS Wismar
76%
BÜZ Bützow
73%
DM Demmin
70%
ROS Rostock
68%
HGN Hagenow
65%
NWM Nordwestmecklenburg
65%
NVP Nordvorpommern
62%
LBZ Lübz
59%
NZ Neustrelitz
59%
SN Schwerin
59%
LUP Landkreis Ludwigslust-Parchim
57%
MSE Mecklenburgische Seenplatte
57%
OVP Ostvorpommern
57%
TET Teterow
57%
VR Vorpommern Rügen
57%
GVM Grevesmühlen
54%
GDB Gadebusch
49%
PW Pasewalk
49%
UEM Ueckermünde
49%
VG Vorpommern Greifswald
49%
MC Malchin
46%
AT Altentreptow
41%
WRN Waren
41%
WLG Wolgast
41%
GMN Grimmen
38%
LWL Landkreis Ludwigslust
38%
MST Mecklenburg Strelitz
38%
RDG Ribnitz-Damgarten
32%
GW Landkreis Greifswald
30%
PCH Landkreis Parchim
24%
Landkreis Güstrow
22%
STB Sternberg
22%
UER Uecker-Randow
16%
RM Röbel
14%
MVL Mecklenburg-Vorpommerscher Landtag
11%
SBG Strasburg
11%
Keine übereinstimmenden Quizze gefunden
Verteilung der Resultate
Anzahl Personen mit jedem Resultat
Perzentil nach korrekt beantworteten Fragen
Ihre Resultats-Entwicklung
Sie haben dieses Quiz seit der letzten Aktualisierung nicht gespielt